LIBRARY & INFORMATION CENTRE, KCAET, TAVANUR

ONLINE PUBLIC ACCESS CATALOGUE (OPAC)

Wordsworth and Coleridge lyrical ballads, 1798 / (Record no. 6108)

MARC details
000 -LEADER
fixed length control field 00394cam a2200145ua 4500
041 ## - LANGUAGE CODE
Language code of text/sound track or separate title eng
082 ## - DEWEY DECIMAL CLASSIFICATION NUMBER
Classification number 821
Item number WOR/WO
100 ## - MAIN ENTRY--AUTHOR NAME
Personal name Wordsworth, William.
245 ## - TITLE STATEMENT
Title Wordsworth and Coleridge lyrical ballads, 1798 /
260 ## - PUBLICATION, DISTRIBUTION, ETC. (IMPRINT)
Place of publication London :
Name of publisher Oxford University Press ,
Year of publication 1959.
300 ## - PHYSICAL DESCRIPTION
Number of Pages 252 ; .
942 ## - ADDED ENTRY ELEMENTS (KOHA)
Koha item type Books
Holdings
Withdrawn status Lost status Damaged status Home library Current library Date acquired Full call number Accession Number Koha item type
Withdrawn     KAUAET Malayalam University 07/04/2012 821 5313 Books
free website counter